00544nam a22001697a 450000500170000001000150001702000260003203500130005803700130007108200150008410000140009924500740011326000310018727000780021830000270029650000510032320150428112842.0 aENG-112307 a9781138019706c695.00 aEN-95839 bDBAD/PUB a355.033554 aAli Ahmed aIndia's doctrine puzzle :cby Ali Ahmedblimiting war in South Asia / aNew DelhibRoutledgec2014 a912,Tolstoy House, 15-17 Tolstoy Marg, Connaught PlacebNew Delhie110001 axviii,240p. c22cm(Hb) aIncludes bibliographical references and index